[Event "Turnier 40 / 120"]
[Site "Wien"]
[Date "2023.07.17"]
[Round "7"]
[White "Mephisto Atlanta SH 7034 - 20 MHZ"]
[Black "Mephisto Lyon 68020 - 12 MHZ"]
[Result "1-0"]
[BlackElo "2172"]
[WhiteElo "2191"]

{Analyse ----> Komodo 14.1.} 1. e4 c6 2. Nf3 d5 3. Nc3 Bg4 4. h3 Bxf3 5.
Qxf3 Nf6 6. d3 e6 7. Be2 {Buchende} Nbd7 {Buchende} 8. O-O {Buchbewertung
Mephisto Atlanta: 0,0} Bd6 {Buchbewertung Mephisto Lyon 68020: -0,09 / lt.
Komodo steht Weiss etwas besser mit ca. +0,50} 9. exd5 {nicht ideal, danach
ist die Stellung im Lot, besser ist d4} cxd5 10. Nb5 Bb8 11. Bf4 a6 12.
Bxb8 Rxb8 13. Nd4 O-O 14. c3 Rc8 15. Nb3 Qc7 16. d4 Ne4 17. Rfe1 Ndf6 18.
Bd3 Qd6 19. Qe3 b5? {ein schwacher Zug, danach steht Weiss klar besser,
Komodo -1,00, deutlich besser ist Db6 mit nur ganz leichtem Vorteil für
Weiss} 20. f3 Ng3 21. a4 bxa4 22. Rxa4 Rb8 23. Rxa6 Qc7 24. Bc2 Rfc8 25.
Rea1 Nfh5 26. Qd3? {ein schlechter Zug, danach ist jeglicher Vorteil für
Weiss dahin, Komodo 0,00, deutlich besser ist T6a2 mit ca. +1,00} Nf5 27.
Qd2 Nhg3? {ein schlechter Zug, danach steht Weiss wieder klar besser,
Komodo -1,20, hier gab es für Schwarz bereits die Möglichkeit ein Remis zu
erzwingen, allerdings muss ich sagen diese Variante wird wahrscheinlich
kein einziger Oldie sehen auch nicht ein Tasc R30 oder MCGE, denn es ist
Sf4, in einer folgenden Variante ist dann der Schlüsselzug Sxh3 !!
spielbar, der das Remis bereits sichert, allerdings das ist wohl nur für
Top-Engines erkennbar.} 28. Bxf5 Nxf5 29. Nc5 Qg3 30. b4 Nh4?? {ein
Verlustzug, die Drohung Sxf3+ ist natürlich spielend zu durchschauen und
ebenso leicht zu parieren, danach ist die Partie bereits klar verloren,
Komodo -3,50 !! (büsst ca. 2 Bauerneinheiten ein)} 31. Qf2 {na klar} Qf4
32. Nd7? {ein ganz schlechter Zug, der Schwarz wieder einiges an Gegenspiel
ermöglicht, aber diese Variante wird wohl für Lyon 68020 ein Geheimnis
bleiben, hier wäre der Konter Txc3 !! noch eine Kampfansage, nach Sxb8
folgt dann Sxf3+ !! und Kampf ist noch möglich, zwar steht auch danach
Weiss noch besser mit ca. +1,30, aber es kommt zu ungeahnten Verwicklungen
wo noch alles möglich wäre, sofort gewonnen hätte hier bereits g3 !} Rb7?
{ein ganz schlechter Zug, danach ist die Partie sofort verloren, Komodo
-5,00, allerdings hier nur ein Fragezeichen, denn Txc3 ist entschieden zu
viel verlangt von einem Oldie, obwohl der Textzug natürlich ca. 3,50
Bauerneinheiten einbüsst.} 33. Ra8 Rc7 34. Nc5 Rf8 35. b5 Rcc8 36. R8a7?
{ein grottenschlechter Zug, der ganze 6 Bauerneinheiten !! einstellt,
dennoch kann sich Weiss auch das noch spielend leisten auch diese
Fortsetzung gewinnt noch klar, Komodo +4,50, deutlich schneller gewinnt
Txc8 mit ca. +10,00 !!} Rfe8 37. b6 Rb8 {mehr Widerstand leistet noch Sf5,
aber natürlich rettet das auch nichts mehr, Komodo -7,00} 38. Nd7 Rbd8 39.
Ne5 Nf5 40. Nc6 Rc8 41. b7 Rb8 42. Ra8 Nd6 43. Rxb8 Rxb8 44. Ra8 Nxb7 45.
Rxb8+ Qxb8 46. Nxb8 {Komodo Matt in 12 / Rest geschenkt} 1-0
[/pgn]
[pgn]

[Event "Turnier 40 / 120"]
[Site "Wien"]
[Date "2023.07.19"]
[Round "9"]
[White "Mephisto Atlanta SH 7034 - 20 MHZ"]
[Black "Mephisto Lyon 68020 - 12 MHZ"]
[Result "1-0"]
[BlackElo "2172"]
[WhiteElo "2191"]

{Analyse ----> Komodo 14.1.} 1. e4 d6 2. Nf3 Nf6 3. Nc3 g6 4. d4 Bg7 5. Be2
O-O 6. O-O Bg4 7. Be3 Nc6 8. d5 {Buchende} Bxf3 9. Bxf3 {Buchbewertung
Mephisto Atlanta: +0,2} Ne5 10. Be2 c6 11. f4 Ned7 {Buchende} 12. Bf3 cxd5
{Buchbewertung Mephisto Lyon 68020: -0,12 / lt. Komodo steht Weiss etwas
besser mit ca. +0,40} 13. Nxd5 {so aber nicht mehr, danach ist die Stellung
im Lot, besser ist exd5} Ne8? {ein schlechter Zug, danach ist Weiss im
Vorteil, Komodo -0,90, deutlich besser ist Sxd5} 14. Bd4 {besser ist c3,
Komodo +0,50} e6 15. Nc3 Nb8 16. Bxg7 Nxg7 17. Rf2 Nc6 18. Nb5 {besser ist
Dd2, Komodo +0,30} Qf6 19. Nxd6 {etwas besser ist Dc1, die Stellung ist im
Lot, Komodo 0,00} Rad8? {ein schlechter Zug, danach steht Weiss klar
besser, Komodo -1,10, nötig war Dxf4 mit Ausgleich} 20. Qe1! Qxb2 {weniger
gut, immer noch war Dxf4 die bessere Wahl, Komodo -1,30} 21. e5! Nd4 22.
Be4 Ndf5? {auch nicht ideal, danach steht Schwarz bereits ganz schlecht,
Komodo -1,70, besser ist Da3} 23. c3 {auch nicht optimal, Sxb7 ist
vorzuziehen, Komodo +1,20} Qa3 24. Nxb7 Rc8 25. Rc2? {ein schwacher Zug,
der den Vorteil von Weiss halbiert, Komodo +0,70, deutlich stärker ist Tf3}
Rc4? {ein ganz schlechter Zug, der Vorstoss g4 hätte mittels h5 verhindert
werden müssen, Komodo -1,30} 26. g4! {sonnenklar} Qa4 27. Re2 Ne7 28. Nd6
Rc7 29. Rb1 Nd5 30. Bxd5 exd5 31. Qd2? {deutlich schwächer als Tf2, Komodo
+1,00} Ne6? {ein Verlustzug danach ist die Partie bereits klar verloren,
Komodo -2,20, deutlich besser ist Dc6 mit ca. -1,00} 32. Rf2? {auch nicht
das Gelbe vom Ei, klar schwächer als Tb4, Komodo +1,60} Rc5?? {eine ganz
schwierige Stellung, die beide Geräte klar überfordert, nach dem Textzug
ist praktisch alles aus, Komodo -3,50, büsst ganze 2 Bauerneinheiten !! ein
gegenüber dem nötigen g5} 33. Rb7?? {ein ganz schlechter Zug, der den
Vorteil von Weiss nahezu halbiert, Komodo +1,90, sofort gewonnen hätte f5,
dennoch steht Weiss klar auf Gewinn} Nd8 {deutlich besser ist Sc7, Komodo
-2,50} 34. Rb8 Ne6 35. Rb3?? {ein ganz schlechter Zug, der den Vorteil von
Weiss halbiert, Komodo +1,30, deutlich zu bevorzugen war Tb4} f6?? {es geht
weiter in dieser Tonart, neuerlich ein ganz schlechter Zug, der die Partie
wieder klar verliert, Komodo -3,20 (büsst ganze 2 Bauerneinheiten ein),
nötig war d4} 36. exf6 Rxf6 {besser ist noch Sd8, Komodo -4,00} 37. Qe3 Qd7
38. Rb8+ Nf8 39. Nf5 Rc4? {er spielt keine Rolle mehr, verliert allerdings
schneller als nötig, deutlich mehr Widerstand leistet noch d4 mit ca. -4,50
verliert aber auch das klar, Komodo -8,00} 40. Nh6+! {richtig, jetzt lässt
Atlanta nicht mehr locker, da ist nichts mehr zu retten für Schwarz,
Atlanta: +2,9} Kg7 41. g5 Re6? {schon egal, aber weit besser ist noch Tf5,
Komodo -17,00} 42. f5 gxf5 43. Nxf5+ Kg6 44. Qh3 h5 45. gxh6? {ein ganz
schlechter Zug, der den Vorteil von Weiss deutlich reduziert, bei dieser
Grössenordnung ist das aber schon egal, Komodo +10,00, deutlich besser ist
Txf8 mit ca. +17,00} Kh7 46. Rxf8 Rcc6? {übersieht bereits ein Matt in 12,
aber gut das ist natürlich jenseits der Möglichkeiten von Lyon 68020,
länger überlebt Tg6+, aber eigentlich verlängert das ja nur die Qual} 47.
Qd3 Re1+ 48. Kg2 Re4 49. Ng3 Rg6 50. R2f7+ Qxf7 51. Rxf7+ Kh8 {Lyon 68020
erkennt Matt in 7 ---> aufgegeben !} 1-0
[/pgn]
[pgn]

[Event "Turnier 40 / 120"]
[Site "Wien"]
[Date "2023.07.19"]
[Round "10"]
[White "Mephisto Lyon 68020 - 12 MHZ"]
[Black "Mephisto Atlanta SH 7034 - 20 MHZ"]
[Result "1/2-1/2"]
[BlackElo "2191"]
[WhiteElo "2172"]

{Analyse -----> Komodo 14.1.} 1. e4 e5 2. Nf3 Nc6 3. Bb5 a6 4. Ba4 d6 5. c3
Bd7 6. d4 g6 7. O-O Bg7 {Buchende} 8. dxe5 dxe5 {Buchbewertung Mephisto
Atlanta: 0,0} 9. Bg5 {Buchende} f6? {weniger gut, danach steht Weiss
besser, Komodo -0,60, deutlich besser ist Sf6 und die Stellung wäre exakt
im Lot} 10. Be3 {Buchbewertung Mephisto Lyon 68020: +0,93} Qe7? {ein
schlechter Zug der den Nachteil von Schwarz verdoppelt, danach steht Weiss
bereits klar besser, Komodo -1,30, nötig war Sge7} 11. Qc2? {Lyon 68020
verwirft im letzten Moment den richtigen Zug c4 zu Gunsten des Textzuges,
eine schlechte Entscheidung, die den Vorteil von Weiss deutlich reduziert,
Komodo +0,40} O-O-O 12. Rd1 f5 13. exf5 Bxf5 14. Rxd8+ Nxd8 15. Qd2 {das
ist eher ungeschickt, dieses Feld sollte für den Springer b1 freigehalten
werden, danach ist die Stellung etwa gleich, besser ist De2} Nf6 16. b4?
{ein ganz schlechter Zug, danach steht Schwarz bereits klar besser, Komodo
-1,30, nötig war immer noch De2} Qe6? {so aber nicht, das richtige Feld,
aber die falsche Figur, klaren Vorteil hätte Se6 ! gebracht, nach dem
Textzug ist der gesamte Vorteil von Schwarz gleich wieder dahin und die
Stellung im ist wieder im Lot} 17. Bb3 Qe8 18. h3 h6 {besser ist Se6,
Komodo -0,70} 19. a4! Ne4 20. Qd5? {angesichts der weit vorgerückten
weissen Bauern und möglichen Königsangriff sollte Weiss versuchen einen
Damentausch zu vermeiden, den Schwarz in der Folge durch Dd7 fast erzwingen
kann, deutlich stärker ist Db2, Komodo +0,50} Qd7! 21. b5 a5? {nicht ideal,
nach Dxd5 wäre die Stellung bereits im Lot gewesen, nach dem Textzug ist
Weiss wieder etwas im Vorteil, Komodo -0,70} 22. Qxd7+ Bxd7 23. Bc2!
{richtig, danach gewinnt Weiss einen Bauern} Nd6 {noch das beste, schlecht
wäre der von Lyon 68020 vorgeschlagene Zug Lf5, das scheitert an der
Fortsetzung g4 mit noch deutlicherem Vorteil für Weiss} 24. Bxg6 Ne6
{Schwarz hat schon noch etwas Kompensation für den Bauern, lt. Komodo steht
Weiss mit nur ca. +0,60 besser} 25. Bc2 Nf4 26. Nfd2 Rd8 27. Nb3 {nach
weiteren kleineren Ungenauigkeiten hat Weiss trotz des Mehrbauern den
gesamten Vorteil verspielt, Komodo 0,00} b6 28. Bxf4 exf4 29. Nd4 Bxd4 30.
cxd4 Rg8 31. Kh2 c6 32. Bb3 Rg5 33. bxc6 Bxc6 34. g4 Kc7?? {das ist ganz
schwach, danach steht Weiss deutlich besser, Komodo -1,30, nach fxg3ep wäre
die Stellung im Lot gewesen} 35. Nc3 h5 36. Rg1? {aktiver wäre ein
Gegenangriff mittels Tc1, der Textzug ist nicht optimal, Komodo +0,70}
hxg4? {verpasst das klar Stärkere b5, Komodo -1,20} 37. Rxg4 Rxg4 38. hxg4
b5 {einfach zu spät, aber natürlich ist jetzt Rechentiefe nötig, um den
Verlust zu sehen, selbst Komodo 14.1. tut sich hier noch schwer und sieht
im 40. HZ erst einen Vorteil von +1,00 für Weiss, Stockfish 15 bewertet das
bereits mit +5,00 !!} 39. axb5 Nxb5 40. Nxb5+ Bxb5 41. Kg2! {hier
entscheidet sich Lyon 68020 im letzten Moment gerade noch richtig und
verwirft zurecht den lange Zeit für besten gehalten Zug g5, das wäre
voreilig gewesen und hätte den Sieg verschenkt, nach dem Textzug sollte es
jetzt reichen für Weiss, Komodo +1,60, Stockfish 15: +5,00} a4 42. Bxa4???
{also ehrlich da haut es mir jetzt die Augen raus, dazu kann man einfach
nichts sinnvolles mehr sagen, verschenkt den Sieg, den Rest braucht man
nicht mehr zu kommentieren, es ist Remis, es sei denn Schwarz macht noch
einen Megabock, unfassbar !!!} Bxa4 43. Kf3 Bc6+ 44. d5 {also was sich Lyon
68020 hier ausmalt kann man nur noch als kurios bezeichnen, er rechnet hier
ernsthaft mit Lb5 ??, warum um Gottes willen soll Schwarz nicht einfach den
Bauern mit Schach nehmen ?, also das soll mal einer verstehen, unfassbar
!!!, obwohl man sagen muss, auch nach Lb5 ist die Partie Remis} Bxd5+ {aber
klar, warum Lb5 spielen ? ist doch völlig sinnlos, jeder Bauer der entfernt
wird bringt das Ende näher, natürlich nimmt Atlanta den Bauern.} 45. Kxf4
{Lyon 68020 glaubt ernsthaft das noch zu gewinnen, Bewertung: +2,21 ??,
aber auch die Bewertung von Atlanta bringt mich zum Lachen: +0,7 ??, womit
will er denn noch Matt setzen, LOL ??} Kd6 46. Kf5 {Lyon 68020: +2,03} Be6+
{Atlanta: +0,7 / LOL} 47. Kg5 {Lyon 68020: +1,24} Bb3 {Atlanta: 0,0 !!} 48.
Kf6 {Lyon 68020: +1,39} Kd5 49. f4 {Lyon 68020: +1,45} Bd1 50. g5 {Lyon
68020: +1,87} Ke4 51. f5 {Lyon 68020: +1,18} Bg4 52. g6 {erst hier
akzeptiert Lyon 68020 das Remis, Bewertung 0,00} Bxf5 53. g7 Bh7
{Userentscheid: Remis} 1/2-1/2
[/pgn]
[pgn]

[Event "Turnier 40 / 120"]
[Site "Wien"]
[Date "2023.07.14"]
[Round "11"]
[White "Mephisto Atlanta SH 7034 - 20 MHZ"]
[Black "Mephisto Lyon 68020 - 12 MHZ"]
[Result "0-1"]
[BlackElo "2172"]
[WhiteElo "2191"]

{Analyse -----> Komodo 14.1.} 1. d4 d5 2. Nf3 Nf6 3. c4 dxc4 4. e3 e6 5.
Bxc4 c5 6. O-O a6 7. Qe2 b5 8. Bb3 Bb7 9. Rd1 Nbd7 10. Nc3 Qb6 11. a4
{Buchende} b4 12. Nb1 {Buchbewertung Mephisto Atlanta: -0,2} cxd4
{Buchbewertung Mephisto Lyon 68020: +0,27 / lt. Komodo steht Weiss eine
Nuance besser mit ca. +0,30} 13. Nxd4 Bd6 14. Nd2 Qc7 15. N2f3 Nc5 16. Bc4
Nce4 17. h3 O-O 18. Bxe6?? {ein Verlustzug, das ist viel zu matialistisch
gedacht, klar bekommt Weiss mal Turm und 2 Bauern für Springer + Läufer,
was ja rein rechnerisch ein Plus von einer Bauerneinheit ergibt,
strategisch gesehen ist das aber weit daneben, danach ist die Partie
bereits klar verloren, Komodo -1,80 (auch Lyon 68020 hat hier den richtigen
Riecher und erteilt diesem Zug eine klare Absage, zwar nicht wie die
Top-Engine aber er sieht sich bereits klar im Vorteil mit immerhin +0,72,
obwohl ich zur Verteidigung von Atlanta noch sagen muss, Lyon 68020 hatte
trotzdem diesen Zug erwartet)} fxe6 19. Nxe6 Qf7 {ein kleine Ungenauigkeit,
besser ist De7, dennoch steht Schwarz weit besser, Komodo +1,40} 20. Nxf8
Rxf8 21. Bd2 Nxd2? {ein schlechter Zug, der den Grossteil des Vorteiles
verspielt, Komodo nur noch +0,50, deutlich zu bevorzugen war Ld5} 22. Nxd2
Qg6 23. f3 Nd7 24. e4? {sieht im ersten Moment logisch aus, ist aber klar
schwächer als Se4, Komodo -0,90} Bc5+? {damit ist allerdings kein
Blumentopf zu gewinnen, Komodo 0,00, deutlich besser ist Se5} 25. Kh1 Ne5
{leider zu spät an dieser Stelle bringt das keinen Vorteil mehr, die
Stellung bleibt im Lot} 26. Rac1 Bd6 27. Nc4 Bc7 28. Nxe5 Bxe5 29. Qc4+ Qf7
{weniger gut, Kh8 ist zu bevorzugen, Komodo -0,40} 30. Qxf7+ Rxf7 31. Rc4
a5 32. Rd8+ Rf8 33. Rd2 {etwas besser ist Txf8, nach dem Textzug ist die
Stellung wieder im Lot, Komodo 0,00} Rf7 {etwas besser ist Lf4, Komodo
-0,40} 34. Rc5 Bc7 35. e5 Re7 36. e6 Bb6 37. Rd7 {etwas besser ist Td6, der
Textzug bringt keinen Vorteil für Weiss, Komodo 0,00} Rxe6 38. Rg5 Bc6 39.
Rdxg7+ Kf8 40. Rxh7 Bxa4 41. Rb7 Rc6 42. Rgg7?? {ein Verlustzug, lt. Komodo
steht Schwarz hier zwar nur mit ca. +1,00 besser, lt. Stockfish 15 ist es
bereits ein absoluter Verlustzug, Bewertung -3,00 !!, Ausgleich hätte h4
gebracht.} Rc2? {ein Oldie muss aber natürlich den Gewinn erst beweisen, so
einfach ist das nicht, Lyon 68020 sieht sich hier noch mit -0,81 im
Nachteil, tatsächlich ist der Textzug auch nicht richtig, danach ist die
Partie wieder Remis, Komodo 0,00} 43. Rgf7+ Kg8 44. Rfe7 Kf8 45. Rh7 {Weiss
täte besser daran, sich mit einem Remis zu begnügen mit
Stellungswiederholung mittels Tf7+, nach dem Textzug steht Schwarz besser,
Komodo -0,80} Kg8 {so aber nicht, danach ist es wieder Remis, besser ist
Ld4} 46. b3?? {Ein Verlustzug, ein sinnloses Bauernopfer, wenn Weiss hier
glaubt mehr als ein Remis zu holen, ist das ein fataler Irrtum, anzuraten
war einfach Stellungswiederholung mittels Te7 und Remis anbieten, nach dem
Textzug sieht Komodo zwar erst einen Vorteil von +0,70 für Schwarz, lt.
Stockfish 15 ist ein bereits ein absoluter Verlustzug mit -3,50 !!} Bxb3
47. Rhd7?? {verliert forciert, deutlich mehr Widerstand leistet noch Thg7+,
nach dem Textzug ist bereits alles verloren, Komodo -2,00, Stockfish 15
-4,00, aber klar es ist wieder nur die Meinung von Top-Engines, Lyon 68020
wird es natürlich noch beweisen müssen, der sieht sich nur mit +0,12 im
Vorteil} Rc1+ 48. Kh2 Bg1+ 49. Kg3 Rc8 50. Kh4?? {damit geht es steil
bergab, damit verspielt Weiss alle Chancen, Komodo -4,00, deutlich mehr
Widerstand leistet noch h4 oder Tb5 mit ca. -2,20} Bf2+ 51. g3 Bc4? {Lyon
68020 verwirft wegen einer Bewertungsdifferenz von +0,03 im letzten
Augenblick den klar stärkeren Zug Lc5, dennoch ist auch der Textzug völlig
ausreichend für den Gewinn, Komodo +3,70} 52. f4 Kf8? {das ist nicht gerade
das Gelbe vom Ei, aber reicht natürlich auch völlig aus, Komodo +3,00,
deutlich stärker war allerdings b3 mit ca. +4,50} 53. Rh7?? {ein
grottenschlechter Zug, deutlich mehr Widerstand leistet noch Td6, Komodo
-5,50 !!} Bd4 54. g4 b3 55. Rhd7 Bc3 56. Rd1 a4 {Rest geschenkt} 0-1
[/pgn]
[pgn]

[Event "Turnier 40 / 120"]
[Site "Wien"]
[Date "2023.07.21"]
[Round "12"]
[White "Mephisto Lyon 68020 - 12 MHZ"]
[Black "Mephisto Atlanta SH 7034 - 20 MHZ"]
[Result "0-1"]
[BlackElo "2191"]
[WhiteElo "2172"]

{Analyse ----> Komodo 14.1.} 1. Nf3 c6 2. d4 d5 3. c4 e6 4. Nc3 Nf6 5. e3
Nbd7 6. Bd3 Bd6 7. e4 dxe4 8. Nxe4 Nxe4 9. Bxe4 O-O 10. O-O {Buchende} c5
11. Bc2 {Buchbewertung Mephisto Lyon 68020: +0,33} Qc7 12. Qd3 f5
{Buchende} 13. Re1 cxd4 {Buchbewertung Mephisto Atlanta: -0,1 / lt. Komodo
ist die Stellung exakt im Lot 0,00} 14. Qxd4 e5 15. Qd5+ Kh8 16. Rd1 Bc5
17. Be3 Bxe3 18. fxe3 Qb6 19. c5 Qxb2?? {ein Verlustzug, danach ist die
Partie bereits verloren, Komodo -2,00, nötig war Dxc5 und die Stellung ist
etwa gleich (Lyon 68020 hätte den gleichen Fehler gemacht)} 20. Ba4! e4 21.
Ng5?? {ein ganz schlechter Zug, der den gesamten Vorteil verschenkt, die
Stellung ist wieder im Lot (auch hier hätte Atlanta den gleichen Fehler
gemacht), gewonnen hätte hier bereits Sd4 (also das beide Geräte nicht auf
das kommen, den Springer hier auf das zentrale Feld zu stellen wo er
bombensicher gedeckt ist, das verwundert schon etwas, ganz schwach !!} Qf6
22. h4 h6 23. Bxd7? {ein schlechter Zug, danach ist Schwarz bereits im
Vorteil, Komodo -1,00, nötig war Sh3 und alles ist im Lot} Bxd7 24. Qxd7
hxg5 {damit kommt es wieder einmal zu einem komplizierten
Schwerfigurenendspiel, mal sehen wie es weiter geht} 25. h5 {besser ist
hxg5, Komodo -1,40} Rfd8 26. Qxb7 Qc3? {ein ganz schlechter Zug, der den
gesamten Vorteil verspielt, danach ist die Partie bereits Remis mit der
Fortsetzung h6 kann Weiss das sicherstellen, deutlichen Vorteil versprach
hingegen g4 mit ca. +1,40, hier darf man aber nicht zu streng sein mit der
Kritik, man weiss ja Bescheid über die Problematik dieses Endspieltypes,
naja es gibt halt zahllose Möglichkeiten, dass da beide Geräte nicht
optimal agieren können ist klar, es wird nicht der letzte Fehler gewesen
sein.} 27. Re1 {verpasst die Remischance, aber kein schlechter Zug, auch
danach ist Schwarz nur minimal im Vorteil mit ca. +0,30} Qxc5 28. Rac1 Qd6
{die Stellung ist im Lot, Komodo 0,00} 29. Qc7 {etwas besser ist Tc6 oder
Tf1, Komodo -0,40} Rd7 30. Qxd6 Rxd6 31. Rc5 Rf8 32. Rf1 {besser ist g4,
Komodo -0,80} Rdf6 33. Rc7 R8f7 34. Rc8+ {besser ist Txf7, Komodo -1,30}
Kh7 35. Re8? {ein Verlustzug, danach ist die Partie bereits verloren,
Komodo -2,20, deutlich besser ist Kh2} Rf8 {auch nicht ideal, richtig wäre
g4 ! gewesen (Lyon 68020 hatte den richtigen Zug vorgeschlagen), Komodo
+1,60} 36. Re7 a6? {ein schlechter Zug, nötig war Fehlerkorrektur mittels
T8f7, aber ok das ist ja eine Stellungswiederholung und nicht spielbar für
Atlanta, ebenfalls weit besser war aber Kh5, Komodo +1,00, lt. Stockfish 15
ist damit bereits jeglicher Vorteil dahin und Weiss kann mit g4 !
ausgleichen} 37. Rb1?? {ein Verlustzug, danach ist die Partie wieder klar
verloren, nötig war wie gesagt g4, Komodo -2,50} Kh6 38. Rbb7?? {ein
grottenschlechter Zug, der den Nachteil von Weiss verdoppelt !, danach ist
bereits alles aus, Komodo -5,00 !, deutlich mehr Widerstand leistet noch
Kh2} Rd8?? {ebenfalls grottenschlecht, halbiert nahezu den Vorteil von
Schwarz, Komodo +2,80, sofort gewonnen hätte natürlich Kxh5, dennoch steht
Schwarz natürlich klar auf Gewinn} 39. Rxg7 Kxh5 40. Rb2? {verliert
forciert, deutlich mehr Widerstand leistet noch Th7+, Komodo -5,00} Rfd6
41. Rf2 Rd1+ 42. Kh2 R8d5 43. Ra7 {spielt zwar keine Rolle mehr, stelle
aber weitere 2 Bauerneinheiten ein, Komodo -7,00, besser ist noch a4} Kg4!
{stark gespielt} 44. Rg7 Re1 45. Rf4+ Kh5 46. Rf2 Rxe3 47. Rh7+ Kg4 48. Rb7
{länger überlebt noch Tf1, aber es spielt ja keine Rolle mehr, Komodo Matt
in 10} Re1 49. Rb3 f4 50. Rb8 Rdd1 {Mephisto Atlanta: Mattankündigung in 7}
51. Rxf4+ {Lyon 68020 erkennt Matt in 6 ----> aufgegeben !} 0-1
[/pgn]
[pgn]